000 00405pab a2200145 454500
008 180718b2002 xxu||||| |||| 00| 0 eng d
100 _aChatterjee, Rajat
245 _aOvercoming weakness, analysing threats and exploring opportunities: a new WTO paradigm
260 _c2002
300 _ap.5-8.
362 _a1 Apr
650 _aWorld Trade Organization
773 _aUniversity News
909 _a51847
999 _c51847
_d51847